00690cam a22002051a 4500001001300000003000400013005001700017008004100034010001700075035002000092040002500112042001200137050001800149100003400167245012600201260011100327300002000438650000900458999001700467e 10002012 DLC20260227111154.0840227s1905 stk 000 0 eng  ae 10002012  a(OCoLC)10461789 aDLCcCtHTdCtHTdDLC apremarc00aJX1963b.C3631 aCarnegie, Andrew,d1835-1919.12aA rectorial address delivered to the students in the University of St. Andrews, 17th October, 1905 /cby Andrew Carnegie. aSt. Andrews :bEditing Committee of the Students' Representative Council of St. Andrews University,c1905. a54 p. ;c22 cm. 0aWar. c19080d19080